Lord of the Rings locations - Statistics

General Stats
  • This quiz has been taken 36 times
  • The average score is 11 of 15
Answer Stats
Hint Answer % Correct
Home of the Hobbits The Shire
100%
Town where this Inn is located Bree
91%
Home of Elrond Rivendell
91%
Fortress that is attacked by 10,000 Orcs Helm's Deep
84%
Mines located under the misty mountains Moria
84%
Bilbo and Frodo's Hobbit hole Bag End
81%
Inn where the Hobbits first meet Strider The Prancing Pony
78%
Forest where Merry and Pippin meet Treebeard Fangorn
72%
Home of Galadriel Lothlórien
72%
Where Frodo is stabbed by a Ringwraith Weathertop
72%
Seat of Theoden within Rohan Edoras
66%
Saruman's tower Orthanc
63%
Where Boromir is killed Amon Hen
41%
Great Dwarf kingdom built within these mines Khazad-dûm
41%
Rocky maze where Frodo and Sam meet Gollum Emyn Muil
34%
No matching quizzes found
Score Distribution
Percent of People with Each Score
Percentile by Number Answered
Your Score History
You have not taken this quiz